000
00291nam a2200121Ia 4500
008
190216s9999||||xx |||||||||||||| ||und||
100
_a
George R Terry
245
0
_a
Principles Of Managment
260
_b
New Central Book Agencies
_c
1972
300
_a
647p
650
_a
Commerce
942
_c
BK
999
_c
5280
_d
5280